[Event "FICGS unrated 00001 email"]
[Site "FICGS email"]
[Date "2010.10.24"]
[Round "1"]
[White "Vazovski, Sergey"]
[Black "Parmet, Daniel Edward"]
[Result "0-1"]
[WhiteElo "1745"]
[BlackElo "2084"]
[PlyCount "22"]
[EventDate "2010.??.??"]
[EventType "swiss (corr)"]
[EventRounds "1"]
[SourceTitle "Corr 2013"]
[Source "ChessBase"]
[SourceDate "2012.11.12"]
[SourceVersion "1"]
[SourceVersionDate "2012.11.12"]
[SourceQuality "1"]

1. e4 e5 2. f4 Bc5 3. Nf3 d6 4. Nc3 Nf6 5. Bc4 Nc6 6. d3 0-0 7. f5 Nd4 8. Bg5 c6 9. a3 h6 10. Bh4 d5 11. exd5 Nxf5 0-1

[Event "FICGS rapid B 000160 email"]
[Site "FICGS email"]
[Date "2010.09.18"]
[Round "1"]
[White "Vazovski, Sergey"]
[Black "Wolf, Bernd"]
[Result "0-1"]
[WhiteElo "1745"]
[BlackElo "1815"]
[PlyCount "22"]
[EventDate "2010.??.??"]
[EventType "tourn (rapid)"]
[EventRounds "5"]
[SourceTitle "Corr 2022"]
[Source "ChessBase"]
[SourceDate "2021.10.24"]
[SourceVersion "1"]
[SourceVersionDate "2021.10.24"]
[SourceQuality "1"]

1. e4 c5 2. Nf3 Nc6 3. d4 cxd4 4. Nxd4 Nf6 5. Nc3 e5 6. Ndb5 d6 7. Bg5 a6 8. Na3 b5 9. Bxf6 gxf6 10. Nd5 Bg7 11. Bd3 Ne7 0-1

[Event "FICGS W-ch st1 g10 email"]
[Site "FICGS email"]
[Date "2008.01.08"]
[Round "1"]
[White "Vazovski, Sergey"]
[Black "Fenyves, Adam"]
[Result "1/2-1/2"]
[WhiteElo "1779"]
[BlackElo "1706"]
[PlyCount "64"]
[EventDate "2008.??.??"]
[EventType "tourn (corr)"]
[EventRounds "8"]
[SourceTitle "Corr 2022"]
[Source "ChessBase"]
[SourceDate "2021.10.24"]
[SourceVersion "1"]
[SourceVersionDate "2021.10.24"]
[SourceQuality "1"]

1. e4 d5 2. exd5 Qxd5 3. Nc3 Qa5 4. d4 Nf6 5. Nf3 Bg4 6. h3 Bh5 7. g4 Bg6 8. Ne5 e6 9. h4 Bb4 10. Bd2 Nbd7 11. Nxd7 Kxd7 12. h5 Be4 13. Nxe4 Nxe4 14. c3 Bd6 15. Be3 Raf8 16. Qb3 Nf6 17. Be2 Kc8 18. 0-0-0 Nd5 19. c4 Nxe3 20. fxe3 c6 21. c5 Be7 22. Qc4 Qd8 23. Bf3 Qd7 24. Kb1 Kb8 25. e4 Qc7 26. Rd3 Qf4 27. Rb3 Rc8 28. e5 Rc7 29. Rf1 Qd2 30. Rd1 Qf4 31. Rf1 Qd2 32. Rd1 Qf4 1/2-1/2

[Event "FICGS W-ch st1 g10 email"]
[Site "FICGS email"]
[Date "2008.01.08"]
[Round "1"]
[White "Vazovski, Sergey"]
[Black "Zaichenko, Andrey"]
[Result "1-0"]
[WhiteElo "1779"]
[BlackElo "1467"]
[PlyCount "43"]
[EventDate "2008.??.??"]
[EventType "tourn (corr)"]
[EventRounds "8"]
[SourceTitle "Corr 2022"]
[Source "ChessBase"]
[SourceDate "2021.10.24"]
[SourceVersion "1"]
[SourceVersionDate "2021.10.24"]
[SourceQuality "1"]

1. e4 e5 2. Nf3 d6 3. d4 exd4 4. Nxd4 Nf6 5. Nc3 Be7 6. Bf4 0-0 7. Be2 Bd7 8. 0-0 Nc6 9. h3 Nxd4 10. Qxd4 Bc6 11. Rfe1 Re8 12. Rad1 Nd7 13. Nd5 Bf6 14. Nxf6+ Nxf6 15. Bd3 Qd7 16. c3 a6 17. Bb1 Re7 18. Bg5 Re6 19. e5 dxe5 20. Qh4 Rd6 21. Bxf6 Rxd1 22. Qxh7+ 1-0

[Event "FICGS no engines 00 email"]
[Site "FICGS email"]
[Date "2007.09.15"]
[Round "1"]
[White "Vazovski, Sergey"]
[Black "Czekaj, Christophe"]
[Result "1/2-1/2"]
[WhiteElo "1746"]
[BlackElo "2008"]
[PlyCount "29"]
[EventDate "2007.??.??"]
[EventType "swiss (corr)"]
[EventRounds "1"]
[SourceTitle "Corr 2022"]
[Source "ChessBase"]
[SourceDate "2021.10.24"]
[SourceVersion "1"]
[SourceVersionDate "2021.10.24"]
[SourceQuality "1"]

1. d4 Nf6 2. c4 e6 3. Nc3 Bb4 4. e3 b6 5. Bd3 Bb7 6. Nf3 0-0 7. 0-0 d5 8. a3 Bd6 9. b4 c5 10. bxc5 bxc5 11. cxd5 exd5 12. dxc5 Bxc5 13. Ne2 Nc6 14. Bb2 Qe7 15. Ned4 1/2-1/2

[Event "FICGS class C 000054 email"]
[Site "FICGS email"]
[Date "2007.08.01"]
[Round "1"]
[White "Vazovski, Sergey"]
[Black "Szasz, Istvan"]
[Result "1-0"]
[WhiteElo "1700"]
[BlackElo "1600"]
[PlyCount "21"]
[EventDate "2007.??.??"]
[EventType "tourn (corr)"]
[EventRounds "4"]
[SourceTitle "Corr 2022"]
[Source "ChessBase"]
[SourceDate "2021.10.24"]
[SourceVersion "1"]
[SourceVersionDate "2021.10.24"]
[SourceQuality "1"]

1. d4 Nf6 2. c4 e6 3. Nc3 d5 4. Nf3 Bb4 5. e3 0-0 6. Bd3 dxc4 7. Bxc4 Bd7 8. 0-0 Bxc3 9. bxc3 Nc6 10. Bd3 h6 11. e4 1-0